Am wenigsten dicht besiedelte Landkreise Deutschlands - Statistiken

Allgemein
  • Dieses Quiz wurde 62 mal gespielt
  • Das Durchschnittsergebnis liegt bei 11 aus 22
Antwortstatistiken
Einwohner pro km² Landkreis BL % Korrekt
44 Ludwigslust-Parchim MV
70%
70 Vorpommern-Rügen MV
70%
60 Vorpommern-Greifswald MV
66%
38 Uckermark BB
64%
35 Prignitz BB
60%
53 Elbe-Elster BB
57%
63 Rostock MV
57%
45 Stendal ST
57%
36 Altmarkkreis Salzwedel ST
55%
39 Ostprignitz-Ruppin BB
55%
56 Jerichower Land ST
51%
70 Kyffhäuserkreis TH
51%
39 Lüchow-Dannenberg NI
51%
62 Eifelkreis Bitburg-Prüm RP
42%
68 Spree-Neiße BB
42%
67 Vulkaneifel RP
42%
66 Hildburghausen TH
38%
64 Wittenberg ST
38%
69 Saale-Orla-Kreis TH
36%
64 Uelzen NI
30%
66 Tirschenreuth BY
23%
66 Neustadt an der Waldnaab BY
13%
Keine übereinstimmenden Quizze gefunden
Verteilung der Resultate
Anzahl Personen mit jedem Resultat
Perzentil nach korrekt beantworteten Fragen
Ihre Resultats-Entwicklung
Sie haben dieses Quiz noch nicht gespielt